The unruly robin, (Запис № 561294)

МАРК-запис
000 -LEADER
fixed length control field 01196cam a22002771 4500
001 - CONTROL NUMBER
control field unrulyrobin00dank
003 - CONTROL NUMBER IDENTIFIER
control field CaSfIA
005 - DATE AND TIME OF LATEST TRANSACTION
control field 20210119105218.0
007 - PHYSICAL DESCRIPTION FIXED FIELD--GENERAL INFORMATION
fixed length control field cr||||
008 - FIXED-LENGTH DATA ELEMENTS--GENERAL INFORMATION
fixed length control field 751126s1953 nyua 000 0 eng
035 ## - SYSTEM CONTROL NUMBER
-- (DLC) 53008357
010 ## - LIBRARY OF CONGRESS CONTROL NUMBER
LC control number 53008357
035 ## - SYSTEM CONTROL NUMBER
System control number (OCoLC)1857603
040 ## - CATALOGING SOURCE
Original cataloging agency DLC
Transcribing agency FT
Modifying agency OCoLC
-- DLC
-- CaSfIA
042 ## - AUTHENTICATION CODE
Authentication code premarc
050 00 - LIBRARY OF CONGRESS CALL NUMBER
Classification number PZ10.3.D2284
Item number Un
100 1# - MAIN ENTRY--PERSONAL NAME
Personal name Dankovszky, Dorathea.
245 14 - TITLE STATEMENT
Title The unruly robin,
Medium [electronic resource]
Statement of responsibility, etc by Dorathea Dana [pseud.] Illus. by the author.
260 ## - PUBLICATION, DISTRIBUTION, ETC. (IMPRINT)
Place of publication, distribution, etc New York,
Name of publisher, distributor, etc Abelard Press
Date of publication, distribution, etc [1953]
300 ## - PHYSICAL DESCRIPTION
Extent 64 p.
Other physical details illus.
Dimensions 22 cm.
506 ## - RESTRICTIONS ON ACCESS NOTE
Standardized terminology for access restriction Необхідна авторизація на https://archive.org/ (створення облікового запису безкоштовно)
506 ## - RESTRICTIONS ON ACCESS NOTE
Standardized terminology for access restriction Необхідна авторизація на https://openlibrary.org/ (створення облікового запису безкоштовно)
856 41 - ELECTRONIC LOCATION AND ACCESS
Uniform Resource Identifier <a href="http://www.archive.org/details/unrulyrobin00dank">http://www.archive.org/details/unrulyrobin00dank</a>
Public note Free eBook from the Internet Archive
856 42 - ELECTRONIC LOCATION AND ACCESS
Uniform Resource Identifier <a href="http://www.openlibrary.org/books/OL6135072M">http://www.openlibrary.org/books/OL6135072M</a>
Public note Additional information and access via Open Library
942 ## - ADDED ENTRY ELEMENTS (KOHA)
Koha item type ЕКнига

Немає доступних примірників.